Fundamentos de sociología política / (Registro nro. 5139)

Detalles MARC
000 -LEADER
fixed length control field 01131nam a2200289Ia 4500
008 - FIXED-LENGTH DATA ELEMENTS--GENERAL INFORMATION
fixed length control field 191128s9999 xx 000 0 und d
020 ## - INTERNATIONAL STANDARD BOOK NUMBER
International Standard Book Number 8437501156
082 ## - DEWEY DECIMAL CLASSIFICATION NUMBER
Classification number 320 .5
082 ## - DEWEY DECIMAL CLASSIFICATION NUMBER
Item number H811f
100 ## - MAIN ENTRY--PERSONAL NAME
Personal name Horowitz, Irving Louis, autor
245 #0 - TITLE STATEMENT
Title Fundamentos de sociología política /
245 #0 - TITLE STATEMENT
Statement of responsibility, etc. Irving Louis Horowitz ; traductor Enrique Asseburg
250 ## - EDITION STATEMENT
Edition statement Primera edición
260 ## - PUBLICATION, DISTRIBUTION, ETC.
Place of publication, distribution, etc. México
260 ## - PUBLICATION, DISTRIBUTION, ETC.
Name of publisher, distributor, etc. Fondo de Cultura Económica
260 ## - PUBLICATION, DISTRIBUTION, ETC.
Date of publication, distribution, etc. 1977
300 ## - PHYSICAL DESCRIPTION
Extent 671 páginas
300 ## - PHYSICAL DESCRIPTION
Dimensions 22 cm
440 ## - SERIES STATEMENT/ADDED ENTRY--TITLE
Title Sección de obras de sociología
500 ## - GENERAL NOTE
General note Incluye índice de nombres y materias.
505 ## - FORMATTED CONTENTS NOTE
Formatted contents note Historias -- Cambios -- Intereses
520 ## - SUMMARY, ETC.
Summary, etc. Este libro es producto del cruzamiento fértil de nuestros conocimientos sobre la interrelación de dos conceptos fundamentales: clase y poder político. Representa una verdadera revolución en la teoría social moderna.
534 ## - ORIGINAL VERSION NOTE
Introductory phrase Fundations of political sociology
546 ## - LANGUAGE NOTE
Language note Traducido del inglés
650 ## - SUBJECT ADDED ENTRY--TOPICAL TERM
Topical term or geographic name entry element Ideologías políticas Ciencias políticas Poder Clases sociales--
799 ## - LOCAL ADDED ENTRY--UNIFORM TITLE (RLIN)
Uniform title Asseburg, Enrique, traductor
Existencias
Withdrawn status Lost status Source of classification or shelving scheme Damaged status Not for loan Home library Current library Date acquired Source of acquisition Full call number Barcode Date last seen Copy number Koha item type
    Dewey Decimal Classification     Biblioteca Pública José María del Castillo y Rada Biblioteca Pública José María del Castillo y Rada 04/15/2018 Donación 320.5 / H811f 430001355 05/16/2024 Ej.1 Books